<?xml version="1.0" encoding="UTF-8"?>
<record
    xmlns:xsi="http://www.w3.org/2001/XMLSchema-instance"
    xsi:schemaLocation="http://www.loc.gov/MARC21/slim http://www.loc.gov/standards/marcxml/schema/MARC21slim.xsd"
    xmlns="http://www.loc.gov/MARC21/slim">

  <leader>03256nam a22001937a 4500</leader>
  <controlfield tag="003">IT-RoPau</controlfield>
  <controlfield tag="005">20220918175935.0</controlfield>
  <controlfield tag="008">121123b        xxu||||| |||| 00| 0 eng d</controlfield>
  <datafield tag="040" ind1=" " ind2=" ">
    <subfield code="c">IT-RoPau</subfield>
  </datafield>
  <datafield tag="100" ind1=" " ind2=" ">
    <subfield code="a">Alberione Giacomo</subfield>
    <subfield code="q">Fondatore Famiglia Paolina</subfield>
    <subfield code="9">19</subfield>
  </datafield>
  <datafield tag="245" ind1=" " ind2=" ">
    <subfield code="a">Prediche del Rev. Primo Maestro.</subfield>
    <subfield code="b">Gennaio - Dicembre 1955. Edizioni Paoline</subfield>
  </datafield>
  <datafield tag="250" ind1=" " ind2=" ">
    <subfield code="a">1</subfield>
  </datafield>
  <datafield tag="260" ind1=" " ind2=" ">
    <subfield code="a">Roma</subfield>
    <subfield code="b">FSP</subfield>
    <subfield code="c">1958</subfield>
  </datafield>
  <datafield tag="300" ind1=" " ind2=" ">
    <subfield code="a">215 p.</subfield>
    <subfield code="c">17 cm</subfield>
  </datafield>
  <datafield tag="490" ind1=" " ind2=" ">
    <subfield code="a">Edizioni Paoline</subfield>
    <subfield code="v">1</subfield>
  </datafield>
  <datafield tag="500" ind1=" " ind2=" ">
    <subfield code="a">Prediche del Primo Maestro</subfield>
  </datafield>
  <datafield tag="520" ind1=" " ind2=" ">
    <subfield code="a">Indice
Conoscere,imitare,pregare il Divino Maestro         pag.       5
I nostri doni al Maestro Bambino                          &gt;&gt;       11
Maria Mediatrice e Distributrice di grazia              &gt;&gt;       18
7.o anniversario della morte di M.Giaccardo         &gt;&gt;        24
Vestizione religiosa                                           &gt;&gt;        28
Conversione di S. Paolo                                     &gt;&gt;        31
La preghiera (I)                                                  &gt;&gt;        38
La preghiera (II)                                                  &gt;&gt;       46
La nostra missione - La Libreria                          &gt;&gt;        53
La propaganda collettiva (I)                                 &gt;&gt;        60
La propaganda collettiva  (II)                               &gt;&gt;        69
Il sacco del diavolo                                            &gt;&gt;        77
Festa di S. Giuseppe                                         &gt;&gt;        82
Ora di adorazione - Mercoled&#xEC; Santo                   &gt;&gt;        87
Gioved&#xEC; Santo                                                    &gt;&gt;       96
Venerd&#xEC; Santo                                                    &gt;&gt;     101
Pasqua di Risurrezione                                      &gt;&gt;      104
La nostra santificazione                                     &gt;&gt;      109
Noviziato : Vita di perfezione                              &gt;&gt;      113
Fortezza                                                          &gt;&gt;      117
Stabilirsi in Dio                                                 &gt;&gt;      121
Vita comune                                                    &gt;&gt;      126
Il Maestro e le Maestre                                     &gt;&gt;      131
Il Paradiso                                                       &gt;&gt;      136
La preghiera                                                    &gt;&gt;       139
Stato di preghiera                                            &gt;&gt;       143
Difficolt&#xE0; agli inizi di una nuova casa (I)              &gt;&gt;       145
Difficolt&#xE0; agli inizi di una nuova casa (II)              &gt;&gt;      149
Ora di adorazione                                             &gt;&gt;      153
Domenica fra l' ottava del Corpus Domini            &gt;&gt;      159
Divisa delle Figlie di San Paolo: la carit&#xE0;            &gt;&gt;      164
Condizioni per il vero progresso                         &gt;&gt;      169
Il Papa &#xE8; Via, Verit&#xE0; e Vita                               &gt;&gt;       178
Vestizione                                                      &gt;&gt;       189
Il Peccato                                                       &gt;&gt;       193
Esame di coscienza                                        &gt;&gt;       201
Maria &#xE8; la nostra maestra spirituale                  &gt;&gt;        208     </subfield>
  </datafield>
  <datafield tag="942" ind1=" " ind2=" ">
    <subfield code="2">ddc</subfield>
    <subfield code="c">BK</subfield>
  </datafield>
  <datafield tag="999" ind1=" " ind2=" ">
    <subfield code="c">37553</subfield>
    <subfield code="d">37553</subfield>
  </datafield>
  <datafield tag="952" ind1=" " ind2=" ">
    <subfield code="0">0</subfield>
    <subfield code="1">0</subfield>
    <subfield code="2">ddc</subfield>
    <subfield code="4">0</subfield>
    <subfield code="6">PA_000000000000000_3</subfield>
    <subfield code="7">1</subfield>
    <subfield code="a">PAULUS</subfield>
    <subfield code="b">PAULUS</subfield>
    <subfield code="d">2012-11-23</subfield>
    <subfield code="l">0</subfield>
    <subfield code="o">PA3</subfield>
    <subfield code="r">2012-11-23 00:00:00</subfield>
    <subfield code="w">2012-11-23</subfield>
    <subfield code="y">BK</subfield>
  </datafield>
</record>
